| 000 | 00528nam a2200169Ia 4500 | ||
|---|---|---|---|
| 003 | LK-CoDNM | ||
| 008 | 010623t1929 xxu||||| |||| 00| 1 sin d | ||
| 040 |
_aLK-CoDNM _dLK-CoDNM _eLK-CoDNM |
||
| 041 | _asin | ||
| 080 | _a104 CC.12 | ||
| 100 |
_aAmarasuriya,L.B.P _eed. |
||
| 245 | _aබ්රිතාන්ය අධිරාජ්යයයේ ඉතිහාසය | ||
| 246 | _aHistory of the British Empire | ||
| 260 |
_bChristian Literature Siciety _aColombo _c1929 |
||
| 300 | _bXVIII,223p., 20 cm | ||
| 942 | _cBK | ||
| 999 |
_c94928 _d94928 |
||